[Event "Itau Mercosul Cup 3rd"]
[Site "Sao Paulo"]
[Date "1999.??.??"]
[Round "8"]
[White "Milos, Gilberto"]
[Black "Leitao, Rafael Duailibe"]
[Result "1/2-1/2"]
[WhiteElo "2586"]
[BlackElo "2574"]
[Annotator "Hindemburg,Melao"]
[PlyCount "40"]
[EventDate "1999.10.??"]
[EventType "swiss"]
[EventRounds "9"]
[EventCountry "BRA"]
[SourceTitle "EXT 2000"]
[Source "ChessBase"]
[SourceDate "1999.11.16"]
[SourceVersion "1"]
[SourceVersionDate "1999.11.16"]
[SourceQuality "1"]

{Nota: muitos dos comentários dessa partida foram extraídos de um estudo de
Zoltan Ribli.} 1. e4 c5 2. Nf3 e6 3. d4 cxd4 4. Nxd4 Nc6 5. Nc3 Qc7 6. Be2 a6
7. O-O Nf6 8. Be3 Bb4 9. Na4 Be7 {'!?' Ribli.} 10. Nxc6 (10. Nb6 Rb8 11. Nxc8
Rxc8 12. Nxc6 Qxc6 13. e5 Nd5 14. Bd2 Qc7 (14... Qxc2 $4 15. Rc1 Qxd1 16. Rxc8+
$18) 15. c4 Nb4 16. f4 O-O 17. Kh1 Rfd8 18. Qb3 Nc6 19. Qg3 d5 $10 {Francioni,
G-Cramling,P/Schweiz/1986/}) (10. c4 $5 {Kamsky,G-Karpov,An/Buenos Aires
Sicilian/CBM44/ (21)}) 10... bxc6 11. Nb6 (11. Bb6 Qb8 (11... Qf4 $5) 12. Bd4
Nxe4 13. Bf3 Ng5 14. Nb6 O-O 15. Nxa8 Nxf3+ 16. Qxf3 Qxa8 17. c4 d6 18. Rad1 e5
19. Bc3 Be6 $44 {Geller,E-Andersson,U/Linares/1983/INF35,247/}) (11. Qd4 $6 Rb8
12. c4 c5 $1 13. Qd3 (13. Nxc5 $2 e5 $19) 13... d6 14. f4 O-O 15. Qc2 Bb7 16.
Bd3 Nd7 17. Rf3 g6 18. Rg3 Bf6 19. Rf1 Rfe8 20. Kh1 Bg7 $13 {Polgar,
Zso-Kotronias,V/Reykjavik op/1988/}) (11. Bd3 c5 12. c4 O-O $13 {-> 10.c4,0-0
11.Nxc6,bxc6 12.Bd3,c5}) 11... Rb8 12. Nxc8 Qxc8 (12... Rxc8 $2 13. Bxa6 Rb8
14. Bd3 Rxb2 15. Bd4 Rb8 16. e5 Nd5 17. c4 Nb4 18. Be4 $14 {Beliavsky,
A-Damjanovic,M/Alicante/1978/INF25,401/}) 13. e5 (13. Bd4 $6 c5 14. Be5 Rb6 15.
Qd3 O-O 16. c4 d6 17. Bc3 Nd7 18. Rab1 Bf6 $15 {Bremond,E-Andrijevic,M/Cannes
op/1989/}) 13... Nd5 14. Bc1 (14. Bd4 $6 c5 15. c4 cxd4 16. cxd5 Qc5 $1 17. Bf3
(17. Bxa6 Qxd5 18. Qe2 O-O 19. Bc4 Qb7 20. Rab1 d6 21. f4 dxe5 22. fxe5 Bg5 $13
{Hennigan,M-Horvath,C/Oakham/1988/}) 17... Bg5 $10 {Mecking,H-Portisch,L/
Sousse/1967/}) 14... Bc5 (14... c5 $6 15. c4 (15. Re1 O-O 16. Bf3 Nb4 17. Bf4
Nc6 18. Rb1 Rb4 19. Be4 $14 {Thipsay,P-Taimanov,M/New Delhi/1982/}) 15... Nb4
16. b3 O-O 17. Bb2 Qc7 18. Bf3 d6 (18... Nc6 $5) 19. Qe2 Rfd8 20. Rfd1 Nc6 21.
exd6 Bxd6 22. Bxc6 Qxc6 23. h4 Bf8 24. h5 h6 25. Qg4 $14 {Pachmann,L-Jakobsen,
O/Barcelona zt/1975/INF20,403/}) 15. c4 (15. a3 $6 a5 16. Bd3 Qc7 17. Qe2 Bd4
18. c4 Ne7 19. Qg4 Bxe5 $19 {Bosboom,M-Boersma,P/Amsterdam/1986/}) (15. Bd3 Qc7
$5 (15... O-O 16. c4 Ne7 17. Qc2 Ng6 18. b3 Bd4 19. Bb2 Bxb2 20. Qxb2 c5 21. f4
$13 {Heim,B-Seul,G/BL 8788/}) 16. Qe2 Bd4 17. Re1 Bxb2 18. Bxb2 Rxb2 19. Bxa6
O-O 20. Bc4 Rb4 21. g3 f6 22. exf6 Rxf6 23. Bd3 c5 $13 {Milos,G-Zapata,A/
Bogota/1991/}) (15. Kh1 O-O 16. Bd3 a5 17. Qh5 g6 18. Qe2 Qc7 19. c3 f6 20. Bh6
Rf7 21. exf6 Nf4 22. Bxf4 Qxf4 $13 {Smagin,S-Djukic,Z/Cetinje/1992/}) 15... Ne7
16. b3 (16. Bd3 $6 Bd4 17. Qe2 Qc7 18. Re1 Ng6 19. Bxg6 fxg6 20. Kh1 O-O 21. f4
g5 $1 $17 {Winge,S-Welin,T/Rilton Cup/1988/}) (16. Qd3 $6 Qc7 17. Rd1 Ng6 18.
Rb1 Qa7 19. Qg3 Bd4 $17 {Anand,V-Murshed,N/Calcutta/1986/}) (16. Kh1 Qc7 17. f4
O-O 18. b3 (18. Rf3 f6 (18... Rfd8 $5 {/\ d6}) 19. Rd3 Rbd8 20. exf6 Rxf6 21.
Bd2 Ng6 22. g3 e5 23. Bc3 Rff8 24. Bg4 d5 25. cxd5 exf4 $13 {Zapata,A-Taimanov,
M/Titograd/1984/INF38,236/}) 18... a5 19. Qd3 Rfd8 $5 (19... a4 20. bxa4 Qa7
21. Bd1 Rfd8 22. Bc2 g6 23. Ba3 d6 24. Qf3 Rd7 25. exd6 Rxd6 26. Rad1 Rbd8 $13
{Collin,D-Cerisier,P/Lille-Rouen/1992/}) 20. Bb2 a4 21. Rf3 Ng6 22. Qc2 d6 $13
{Luecke,N-Schlosser,P/BL 9293/}) 16... Qc7 17. Bb2 d6 (17... O-O 18. Qd3 (18.
Kh1 Rfd8 19. Qc2 a5 20. Rad1 a4 21. Rd3 axb3 22. axb3 Ng6 23. f4 d6 $10 {
Shirov,A-Karpov,An/Buenos Aires Sicilian/1994/CBM44/}) 18... d6 (18... Ng6 $5)
19. exd6 Bxd6 20. Qc3 f6 21. Qh3 f5 22. c5 Be5 23. Bxe5 Qxe5 24. Rfe1 Qxc5 25.
Bc4 Nd5 26. Rxe6 Kh8 27. Qf3 a5 28. Rae1 a4 29. h4 Nb4 30. h5 Nxa2 31. h6 gxh6
32. Rxc6 Qd4 33. Rxh6 Qg7 34. Rhe6 axb3 35. Re7 Qf6 36. Qh5 {1-0 Wang
Zili-Leitao,R/Erevan 1996/EXT 97 (36)}) 18. exd6 Bxd6 19. g3 (19. Qd4 c5 $1 (
19... Nf5 20. Qe4 Bxh2+ 21. Kh1 h5 22. Rad1 Bd6 23. c5 $1 $18 {Matulovic,
M-Portisch,L/Sousse/1967/INF04,461/}) 20. Qe4 (20. Qxg7 Bxh2+ 21. Kh1 Rg8 22.
Qxh7 Be5 $44) 20... Ng6 21. g3 Be5 22. Bxe5 Qxe5 23. Qc6+ Ke7 24. Bd3 Qd6 25.
Qxd6+ Kxd6 26. Rad1 Kc7 $10 {Jovicevic,B-Miladinovic,I/Yugoslavia/1994/}) 19...
Be5 20. Bxe5 (20. Qc2 c5 21. Bxe5 Qxe5 22. Rfe1 Qc7 23. Bd3 h6 24. Be4 O-O 25.
Rad1 Rfd8 26. Qc3 Nc6 27. Bxc6 Qxc6 $10 {Spasov,V-Miladinovic,I/Varna tt/1994/}
) 20... Qxe5 (20... Qxe5 21. Bf3 c5 $1 (21... Rd8 22. Qe1 Qf5 23. Be4 Qc5 24.
Qc3 Rd4 25. Rad1 e5 26. Rxd4 exd4 27. Qd3 $16 {Gufeld,E-Vasiukov,E/Vilnius zt/
1975/INF20,405/}) 22. Re1 Qc7 23. Be4 O-O 24. Qe2 h6 25. Rad1 Rfd8 $10 {
Lazarevic,A-Miladinovic,I/Cetinje tch/1993/}) 1/2-1/2

[Event "Meisdorf op"]
[Site "Meisdorf"]
[Date "1996.??.??"]
[Round "?"]
[White "Kovalev, Andrei"]
[Black "Teske, Henrik"]
[Result "1/2-1/2"]
[WhiteElo "2495"]
[BlackElo "2515"]
[Annotator "Kovalev,A"]
[PlyCount "112"]
[EventDate "1996.04.10"]
[EventType "swiss"]
[EventRounds "7"]
[EventCountry "GER"]
[SourceTitle "CBM 054"]
[Source "ChessBase"]
[SourceDate "1996.10.01"]
[SourceVersion "1"]
[SourceVersionDate "1996.10.01"]
[SourceQuality "1"]

1. e4 c5 2. Nf3 e6 3. d4 cxd4 4. Nxd4 Nc6 5. Nc3 Qc7 6. Be2 a6 7. O-O Nf6 8.
Be3 Bb4 9. Na4 Rb8 $6 {N/} (9... Nxe4 $5) 10. c4 Nxe4 11. c5 d6 12. Bf3 $1 (12.
Nxc6 bxc6 13. Qd4 f5 $1 $13) 12... Nxc5 (12... f5 13. Bxe4 fxe4 14. Nc2 $1 Bxc5
15. Nxc5 dxc5 16. Bxc5 $16) (12... Nf6 13. Nxc6 (13. Nc2 $5 Bxc5 14. Nxc5 dxc5
15. Bxc5 $36) 13... bxc6 14. Qxd6 Qxd6 15. cxd6 Bxd6 16. Bxc6+ Bd7 17. Rac1 $14
) 13. a3 Nxa4 (13... Ba5 14. Nxc6 bxc6 15. Nxc5 dxc5 16. Bxc5 $36) 14. axb4 Nb6
15. Rc1 $16 Nd5 16. b5 axb5 17. Nxb5 Qd8 18. Bxd5 exd5 19. Bf4 O-O (19... Be6
20. Bxd6 Rc8 21. Ba3 $18) 20. Bxd6 Be6 21. Bxb8 Qxb8 22. Qd2 Rd8 23. Nd4 Qd6
24. Rfe1 h6 25. Rc3 Rc8 26. Rg3 Kh8 27. h3 Qd7 $6 (27... Ra8 $5) 28. Qf4 $1 Ra8
29. b4 Qe7 30. b5 $2 (30. Rxg7 $2 Kxg7 31. Nf5+ Bxf5 32. Rxe7 Nxe7 33. Qe5+ Kf8
$17) (30. Nxe6 $1 fxe6 31. b5 Nd8 32. Qe5 Qd7 33. Rc1 $18) 30... Nxd4 31. Qxd4
Qf6 32. Qxf6 gxf6 33. Ree3 Ra1+ (33... Ra5 34. Rb3 f5 35. Rb4 Kh7 36. Rc3 $18)
34. Kh2 d4 35. Rd3 Rb1 36. Rxd4 Rxb5 37. Rd8+ Kh7 38. Rgg8 (38. Rdg8 h5 $14)
38... Rb2 39. g4 (39. Kg3 $18) 39... f5 40. Kg3 Rb3+ 41. Kf4 (41. f3 fxg4 42.
hxg4 Bd5 $1 $10) 41... Rb4+ 42. Kg3 fxg4 43. Rh8+ Kg6 44. Rhg8+ Kh7 45. hxg4
Rb3+ 46. Kh4 (46. Kg2 Bd5+ $1) 46... Rf3 $10 47. Rh8+ Kg7 48. Rdg8+ Kf6 49.
Rxh6+ Ke5 50. Rg5+ Kd4 51. Rb5 Rxf2 52. Rb4+ (52. Rxb7 Rh2+ 53. Kg5 Rxh6 54.
Kxh6 f6 $1 55. Kg6 Ke5 $10) 52... Ke3 53. Rxe6+ fxe6 54. g5 e5 55. g6 e4 56.
Rxb7 Rg2 1/2-1/2

[Event "Brasschaat op 03rd"]
[Site "Brasschaat"]
[Date "2003.08.??"]
[Round "9"]
[White "Dutreeuw, Marc"]
[Black "Maes, Wim"]
[Result "1-0"]
[WhiteElo "2383"]
[BlackElo "2321"]
[Annotator "Maes,V"]
[PlyCount "69"]
[EventDate "2003.08.24"]
[EventType "swiss"]
[EventRounds "9"]
[EventCountry "BEL"]
[SourceTitle "EXT 2007"]
[Source "ChessBase"]
[SourceDate "2006.11.23"]
[SourceVersion "1"]
[SourceVersionDate "2006.11.23"]
[SourceQuality "1"]

1. e4 c5 2. Nf3 e6 3. d4 cxd4 4. Nxd4 Nc6 5. Nc3 Qc7 6. Be2 a6 7. O-O Nf6 8.
Be3 Bb4 9. Na4 O-O 10. Nxc6 bxc6 11. Nb6 Rb8 12. Nxc8 Rfxc8 13. Bxa6 Rf8 14.
Bd3 Bd6 15. g3 Be5 16. a4 Bxb2 17. Ra2 Qa5 18. Bd2 Bc3 19. Bxc3 Qxc3 20. Qe1
Qc5 21. a5 e5 (21... Ra8 $5) 22. a6 Rb4 $5 23. Qa1 d6 24. a7 Ra8 25. c3 $1 (25.
Rb1 h6 $1) 25... Rb7 (25... Rb6 $2 26. Ra5) 26. Rb1 Rb6 27. Rab2 (27. Ra6 $5)
27... Ng4 $2 (27... Rxb2 28. Rxb2 Nd7 29. Rb7 Nf8 30. Qa2 d5 31. exd5 Qxd5 (
31... cxd5 32. Be4 $1) 32. Qxd5 cxd5 33. Bb5) 28. Qa2 Nxf2 29. Rxb6 Nxd3+ 30.
Kf1 g6 31. Rb8+ Kg7 32. Rxa8 Qe3 33. Rg8+ Kxg8 34. a8=Q+ Kg7 35. Qe2 1-0

[Event "Leon-B"]
[Site "Leon"]
[Date "1996.??.??"]
[Round "8"]
[White "De la Villa Garcia, Jesus Maria"]
[Black "Sion Castro, Marcelino"]
[Result "1/2-1/2"]
[WhiteElo "2525"]
[BlackElo "2400"]
[Annotator "Meulders,R"]
[PlyCount "44"]
[EventDate "1996.06.??"]
[EventType "tourn"]
[EventRounds "9"]
[EventCountry "ESP"]
[EventCategory "9"]
[SourceTitle "CBM 054"]
[Source "ChessBase"]
[SourceDate "1996.10.01"]
[SourceVersion "1"]
[SourceVersionDate "1996.10.01"]
[SourceQuality "1"]

1. e4 c5 2. Nf3 e6 3. d4 cxd4 4. Nxd4 Nc6 5. Nc3 Qc7 6. Be2 a6 7. O-O Nf6 8.
Be3 Bb4 9. Nxc6 (9. Na4) 9... bxc6 10. Qd4 (10. Na4) 10... c5 11. Qc4 Bb7 12.
a3 $6 {Auf 12.Lf3 ist entweder 12...d6 oder 12...De5!? moeglich. Jetzt kann
Schwarz aber den Sizilianischen "Idealzug" ...d5 sofort spielen.} d5 {=/=/+}
13. exd5 exd5 14. Qf4 Qxf4 15. Bxf4 Bxc3 (15... Ba5 $5) 16. bxc3 O-O 17. Rfb1
Rfe8 18. Kf1 Bc6 19. Rb6 Ba4 20. Rxa6 Bxc2 21. Rd6 Ne4 22. Rxd5 Nxc3 {23.Te5
Txe5 24.Lxe5 Sxe2 25.Kxe2 Te8 26.Kd2=} 1/2-1/2

[Event "RUS-ch"]
[Site "Elista"]
[Date "1994.??.??"]
[Round "8"]
[White "Yemelin, Vasily"]
[Black "Tunik, Gennady"]
[Result "1-0"]
[WhiteElo "2520"]
[BlackElo "2450"]
[Annotator "Moiseev,V"]
[PlyCount "113"]
[EventDate "1994.09.??"]
[EventType "swiss"]
[EventRounds "11"]
[EventCountry "RUS"]
[SourceTitle "CBM 044"]
[Source "ChessBase"]
[SourceDate "1995.02.01"]
[SourceVersion "1"]
[SourceVersionDate "1995.02.01"]
[SourceQuality "1"]

1. e4 c5 2. Nf3 e6 3. d4 cxd4 4. Nxd4 Nc6 5. Nc3 a6 6. Be2 Qc7 7. O-O Nf6 8.
Be3 Bb4 9. Na4 Be7 10. Nxc6 bxc6 11. Nb6 Rb8 12. Nxc8 Qxc8 13. e5 Nd5 14. Bc1
Bc5 15. c4 Ne7 16. b3 Qc7 17. Bb2 O-O (17... d6 18. exd6 Bxd6 19. g3 $14) (
17... Ng6 $5 18. Qd3 O-O (18... Nxe5 $2 19. Qg3) 19. Qe4 $14 {Kamsky,
G-Illescas Cordoba,M/Madrid/1994/0,5/44/}) 18. Bd3 Rbd8 $6 (18... Ng6 $5) (
18... a5 $5) 19. Qe1 d6 20. Rd1 (20. b4 $6 dxe5 $1 21. Bxe5 Bd6 $15) 20... dxe5
21. Qxe5 Qxe5 22. Bxe5 Bb4 $6 (22... Bd4 $4 23. Bxd4 Rxd4 24. Bxh7+ $18) (22...
f6 $6 23. Bc7 Rd4 (23... Rc8 24. Ba5 $16) 24. b4 $1 Ba7 25. Be2 $16) (22... Ng6
$5 23. Bb2 (23. Bc3 $4 Nf4 $19) (23. Bg3 Rd4) 23... Nf4 (23... Bd4 $2 24. Bxd4
Rxd4 25. Bxg6 Rxd1 26. Bxh7+ Kxh7 27. Rxd1 $18) 24. Be4 Bd4 $1 (24... Ne2+ 25.
Kh1 Bxf2 26. Bxc6 $16) 25. Ba3 (25. Bxd4 Ne2+ 26. Kh1 Nxd4 27. c5 $14) 25... c5
26. Rd2 $14 {^^}) 23. Be4 $16 f5 24. Bf3 Kf7 25. Bc7 Rxd1 26. Rxd1 Kf6 (26...
Rc8 27. Be5 $16 {/\ 28 Rd7} (27. Bd6 $5 $16)) 27. Bd8 e5 28. Bxc6 Rxd8 29. Rxd8
Nxc6 30. Ra8 Ke6 (30... a5 $4 31. Ra6 $18) 31. Rxa6 Kd7 32. a3 Bc3 33. b4 e4
34. g3 Nd4 (34... g5 35. b5 Nd4 (35... Ne5 36. c5 $18) 36. Ra7+ Kd6 (36... Ke6
37. b6 $18) 37. Rxh7 f4 38. gxf4 gxf4 39. b6 e3 40. fxe3 fxe3 41. b7 Nc6 42.
Kf1 $18) 35. h4 (35. b5 $5) 35... f4 $5 36. gxf4 Nf3+ 37. Kf1 Nd2+ 38. Ke2 Nxc4
39. b5 Nd6 40. a4 h5 41. Ra7+ Kc8 42. b6 Nb7 43. Ke3 Ba5 44. Ra8+ Kd7 45. Kxe4
Bxb6 46. Rh8 (46. Rg8 $2 Nd6+ 47. Kd5 Ne8 $10) 46... Nc5+ (46... Bxf2 47. Rxh5
Nc5+ 48. Kf3 Bg1 49. Rg5 $18) 47. Kf5 Nxa4 48. Rxh5 Nc5 $2 (48... Ke7 $5 49.
Kg6 Bd4) 49. Rg5 Ne6 50. Rg6 Nd4+ 51. Ke4 Ne6 52. f5 $18 Nc5+ 53. Kd5 Na4 54.
h5 Bxf2 55. Rxg7+ Ke8 56. h6 Kf8 57. f6 1-0

[Event "USA-ch U16"]
[Site "Saint Louis"]
[Date "2015.07.13"]
[Round "7"]
[White "Xiong, Jeffery"]
[Black "Chandra, Akshat"]
[Result "1/2-1/2"]
[WhiteElo "2523"]
[BlackElo "2495"]
[Annotator "Molner,M"]
[PlyCount "160"]
[EventDate "2015.07.07"]
[EventType "tourn"]
[EventRounds "9"]
[EventCountry "USA"]
[EventCategory "6"]
[SourceTitle "CBM 167 Extra"]
[Source "ChessBase"]
[SourceDate "2015.09.14"]
[SourceVersion "1"]
[SourceVersionDate "2015.09.14"]
[SourceQuality "1"]

1. e4 c5 2. Nf3 e6 {Chandra's previous handling of the Taimanov was not as
impressive as displayed in this game} (2... d6 {Against Yian Liou, Chandra
chose to play the Najdorf.}) 3. d4 cxd4 4. Nxd4 Nc6 5. Nc3 Qc7 6. Be3 a6 7. Be2
b5 8. Nxc6 Qxc6 (8... dxc6 {A playable alternative}) 9. Bf3 Bb7 10. e5 Qc7 11.
O-O Bxf3 12. Qxf3 Rc8 (12... Rd8 {This move was chosen in the only game I can
find in this position. Chandra's move is a perfectly acceptable novelty}) 13.
Rad1 Ne7 14. Rfe1 Ng6 15. Bd4 Be7 16. Ne4 {Both players have been playing at a
very high level up until this point. Chandra's next move is very reasonable
but he could have been more daring with 16... Qxc2!} O-O (16... Qxc2 {Black
will soon castle and in order for White to regain the pawn, Xiong will need to
capture on d7, quickly allowing Black gain activity along the d-file, ending
White's attack.} 17. Bc3 O-O 18. Rxd7 b4 19. Rd2 Qa4 20. Bd4 Rfd8 {An example
of how Black's coordination improves by trading the c-pawn for the d-pawn.})
17. c3 Nh4 18. Qg4 Nf5 19. Nf6+ Kh8 20. Nd5 Qb7 21. Nxe7 Nxe7 22. Re3 b4 23.
cxb4 (23. Rh3 $1 {It's very unlikely that White can checkmate Black here, but
it forces Black's knight to f5 in order to protect the kingside. This is a
concession that gives White a better position. Black would rather play bxc3
and be able to meet Bxc3 with Nd5}) 23... Qxb4 24. Qe2 Nd5 25. Rb3 Qa4 26. Ra3
Qb5 27. Qxb5 axb5 28. Ra7 Rfd8 29. a3 Kg8 30. g3 f6 31. Rd3 Ra8 32. Rb7 Rab8
33. Rxb8 Rxb8 34. Rb3 Kf7 35. f4 Ke8 36. Bc5 Kd8 $6 37. Kf2 Kc8 38. Kf3 Rb7 39.
Kg4 Kc7 40. Bf8 g6 41. exf6 Nxf6+ 42. Kg5 Nd5 43. Kh6 Kd8 44. Kxh7 Ke8 45. Bd6
Kf7 46. Kh6 Rb6 47. Be5 d6 48. Bd4 Rb8 49. Kg5 Ne7 50. g4 Nc6 51. Bf6 $6 (51.
Be3 $1 {With strong chances to win}) 51... b4 $1 {Black's new found
counterplay with Rb5 is enough to salvage the game} 52. Rd3 bxa3 53. bxa3 Rb5+
54. f5 gxf5 55. Rxd6 fxg4+ 56. Kxg4 Kxf6 57. Rxc6 Ra5 58. Rc3 Ra4+ 59. Kg3 Kf5
60. Rb3 e5 61. Rf3+ Kg5 62. Re3 Kf5 63. Rb3 Kg5 64. Rf3 Rg4+ 65. Kf2 Ra4 66.
Rb3 Kf5 67. Ke1 e4 68. Ke2 Kf4 69. Rc3 Ra8 70. h4 Rb8 71. h5 Rb2+ 72. Kd1 Rh2
73. a4 Rxh5 74. Ke2 Rh2+ 75. Ke1 Ra2 76. Rb3 Rxa4 77. Ke2 Ra2+ 78. Ke1 e3 79.
Rb8 Kf3 80. Rf8+ Ke4 {An exciting and difficult defense for Chandra. With two
rounds left, both players still have everything to play for!} 1/2-1/2

[Event "Wch U20 Girls"]
[Site "Istanbul"]
[Date "2005.11.20"]
[Round "11"]
[White "Paehtz, Elisabeth"]
[Black "Vasilevich, Irina"]
[Result "1-0"]
[WhiteElo "2408"]
[BlackElo "2383"]
[Annotator "Paehtz,E"]
[PlyCount "69"]
[EventDate "2005.11.09"]
[EventType "swiss"]
[EventRounds "13"]
[EventCountry "TUR"]
[SourceTitle "CBM 109 Extra"]
[Source "ChessBase"]
[SourceDate "2006.01.03"]
[SourceVersion "2"]
[SourceVersionDate "2006.01.03"]
[SourceQuality "1"]

{Women chess is not that bad as for men it seems to be! When I saw the analyse
of my game against Irina Vasilevich by Mr. Borg I was really suprised. I do
not think it was his fault, but he analysed a game that was never played this
way.  His game was actually fuller of mistakes than the original version. 
Nevertheless it is still a mystery for me how a life broadcasted game could
change in such a way.... Since I do not want that either Irina or me are
looking like completly patzers, I decided to commentate the "real game" once
more.} 1. e4 c5 2. Nf3 e6 3. d4 cxd4 4. Nxd4 Nc6 5. Nc3 a6 6. Be3 Nf6 7. Be2
Qc7 8. O-O Bb4 {It was the first time for Irina to play 8...Bb4. Actually I
was expecting 8...Be7 leading into the "Scheveningen System".} 9. Na4 O-O 10.
c4 {More usual is 10.N:c6 with the lead into a more complicate game. But since
my knowledge about the Bb4 line was not that great , I decided to go for
quiter positions, hoping my oppenent answering with 10...Be7.} (10. Nxc6 bxc6
11. Nb6 Rb8 12. Nxc8 Rfxc8 13. Bxa6 Rf8 14. Bd3 Bd6 $13) 10... Bd6 {From now
on my theory knowledge was over and I invested 40 minutes to to find an
advantage. Eventually I did not succeed.} (10... Be7 11. Nc3 d6 $11) 11. Nxc6
bxc6 12. g3 $6 {After the game I checked the position on ChessBase and I saw
that only 12.f4 would have a greater chance for an advantage.} (12. f4 Nxe4 13.
c5 Be7 14. Bd3 Nf6 15. Bd4 Rd8 (15... Nd5 $2 16. Nb6 Nxb6 (16... Rb8 17. Nxd5
cxd5 18. Bxh7+ Kxh7 19. Qh5+ Kg8 20. Bxg7 $18) 17. Bxh7+ Kxh7 18. Qh5+ Kg8 19.
Bxg7 $18) 16. Nb6 Rb8 17. Nc4 $36) 12... Nxe4 13. c5 Be7 (13... Be5 $6 14. Qd3
f5 15. f3 $14) 14. Bd3 Nf6 15. Bf4 Qd8 (15... e5 $2 16. Bxe5 Qxe5 17. Re1 $16)
16. Nb6 Ra7 17. Qc2 {The real move! In Borg's analyse 17.Qe2? happend,
blondering the pawn on c5. But is not it suprising how a 2400 player first
blonders a pawn and then her oppenent about the same strength do not take it?!}
h6 18. b4 Nd5 {Maybe a5 was the better try to get out of this complicated
position for black.} (18... a5 19. b5 cxb5 20. Bxb5 Ba6 $13) 19. Nxd5 cxd5 20.
a4 {From this moment on I had approximetly 3 minutes left on the clock whereas
my opponent had a solid half an hour. Nevertheless I believe that it is easier
to play with white.} Bf6 21. Rae1 Re8 22. Bd6 Bb7 23. f4 Ra8 24. Qe2 Qc8 $6 {
A little slow. I think Irina might have underestimate the upcoming kings
attack.} (24... Be7 25. Bxe7 (25. Be5 $2 a5 $17) 25... Qxe7 26. Bb1 $13) 25.
Qh5 Bd4+ 26. Kg2 Bc3 27. Re2 d4+ $2 {This was the main mistake. The problem is
that she allows me to get my king out of the e2-check as you will see in the
following lines...} (27... Bxb4 28. f5 exf5 29. Rxe8+ Qxe8 30. Qxf5 g6 31. Qf4
$13) 28. Kh3 f5 (28... Bxb4 29. f5 exf5 30. Qxf5 {and as you can see R:e2 does
not work anymore since the king is on h3...}) 29. g4 Qd8 30. gxf5 exf5 31. Qxf5
Rxe2 32. Qh7+ Kf7 33. Bxe2 d3 34. Bh5+ Ke6 35. Qxd3 1-0

[Event "FRA-chT Top 16 GpA"]
[Site "Nancy"]
[Date "2005.??.??"]
[Round "?"]
[White "Adla, Diego Gustavo"]
[Black "Pelletier, Yannick"]
[Result "0-1"]
[WhiteElo "2485"]
[BlackElo "2604"]
[Annotator "RR"]
[PlyCount "94"]
[EventDate "2005.02.03"]
[EventType "team-match"]
[EventRounds "1"]
[EventCountry "FRA"]
[SourceTitle "EXT 2015"]
[Source "ChessBase"]
[SourceDate "2014.11.20"]
[SourceVersion "1"]
[SourceVersionDate "2014.11.20"]
[SourceQuality "1"]
[WhiteTeam "Noyon"]
[BlackTeam "Clichy"]
[WhiteTeamCountry "FRA"]
[BlackTeamCountry "FRA"]

1. e4 c5 2. Nf3 e6 3. d4 cxd4 4. Nxd4 Nc6 5. Nc3 Qc7 6. Be2 a6 7. O-O Nf6 8.
Be3 (8. Kh1) 8... Bb4 9. Na4 O-O 10. Nxc6 bxc6 11. Nb6 Rb8 12. Nxc8 Rfxc8 13.
Bxa6 Rf8 14. Bd3 Bd6 15. g3 (15. f4 {La grande ligne}) 15... Be5 {[%csl Rb2,
Rd3,Ge5]} 16. a4 {[%csl Ga4]} Bxb2 17. Ra2 Bc3 $11 {[%csl Ga5]} 18. Bd2 Bxd2
19. Qxd2 c5 {[%cal Gc5c4]} 20. Re1 (20. c4 $5 Rb4 21. a5 Ra8 22. a6 Rb6 (22...
Ra7 23. Rb1) 23. Rfa1 Ra7) 20... c4 $1 $146 ({RR} 20... Rfd8 21. e5 Nd5 22. Be4
d6 23. exd6 Rxd6 24. Bxd5 Rxd5 25. Qc3 Qd6 26. a5 Qa6 27. Ra4 h5 28. Rc4 Rb5
29. Ra1 Qd6 30. Re4 Rb4 31. Rxb4 cxb4 32. Qe1 Qc5 33. a6 Rd7 34. Qe3 Qd5 35. a7
{Asrian,K (2597)-Ivanisevic,I (2537)/Bled 2002/EXT 2003/1-0 (52)}) 21. Qc3 (21.
Bf1 d5 $36) 21... Rfc8 22. Bf1 Qc5 (22... d5 $5) 23. Bg2 Ng4 24. Rf1 Rb6 25. h3
Ne5 26. Rd1 Ra6 27. Qd4 Nd3 $1 28. Qxc5 Nxc5 29. a5 d6 30. Rb1 Kf8 31. Rb4 (31.
Rb6 $2 Rxb6 32. axb6 Rb8 33. Rb2 Na4) 31... Nd7 32. Bf1 Rc5 33. Rba4 (33. Rxc4
Rcxa5 34. Rxa5 Rxa5 35. Rc7 Nc5 $11) 33... d5 $15 {[%csl Gc4,Gd5]} 34. f4 Ke7
35. Kf2 Rb5 36. R4a3 Nb8 37. exd5 exd5 38. Re3+ Kd6 39. Re5 Rbxa5 {les blancs
n'ont pas de compensation et le centre noir va faire la différence} 40. Rb2 Nc6
$19 41. Rh5 Ra2 42. Rxa2 Rxa2 43. Rxh7 Rxc2+ 44. Ke3 d4+ 45. Ke4 Rc3 46. Rxg7
Re3+ 47. Kf5 d3 0-1